000 00716nam a2200217Ii 4500
003 JO-AjNU
008 230605s9999||||xx |||||||||||||| ||und||
017 _a2002/9/2171
040 _aJO-AjNU
_bara
_erda
_cJO-AjNU
041 _aara
050 1 4 _aTX601 2003
100 3 _aالخالدي، هداية ,
_eauthor
_99454
245 0 0 _a55طريقة لعمل المعجنات والفطائر والسلطات
250 _aط1
264 3 1 _aعمان:دار الثقافة للنشر، 2003
300 _a80ص
336 _atext
_btxt
_2rdacontent
337 _aunmediated
_bn
_2rdamedia
338 _avolume
_bnc
_2rdacarrier
650 4 _aالصناعات الغذائية -تكنولوجيا الاغذية
_99455
999 _aA1310
_c4878
_d4878